Manual de formularis per a ajuntaments / Luis Chacón Ortega
ISBN:
84-393-0553-2
Descripción Física:
2 v. ; 23 cm
Colección:
Manuals i formularis ; 3
MARC
| LEADER | 00000nam a2200000Ia 4500 | ||
|---|---|---|---|
| 001 | 18209, 18210 | ||
| 008 | 160829s1985 xx 000 0 cat d | ||
| 020 | |a 84-393-0553-2 (o.c.) | ||
| 080 | |a M-5-255, M-5-256 | ||
| 100 | |a Chacón Ortega, Luis |9 22768 | ||
| 245 | |a Manual de formularis per a ajuntaments / Luis Chacón Ortega | ||
| 260 | |a Barcelona : |b Generalitat de Catalunya. Escola d'Administració Pública de Catalunya, |c 1985 | ||
| 300 | |a 2 v. ; |c 23 cm | ||
| 490 | |a Manuals i formularis ; 3 | ||
| 590 | |a A la portada: Adaptat: -a la nova Llei 7/1985, de 2 d'abril, reguladora de les Bases de Règim local -a la normativa catalana. | ||
| 590 | |a Hi ha una edició en castellà amb R. 14040 i 14041 | ||
| 650 | |a Formularis administratius |x Espanya |9 23195 | ||
| 650 | |a Administració local |x Espanya |x Formularis |9 23196 | ||
| 710 | |a Escola d'Administració Pública de Catalunya |9 15494 | ||
| 710 | 1 | |a Catalunya. |b Generalitat |9 12125 | |
| 866 | |a 1, 2 | ||
| 901 | |a Arxiu | ||
| 942 | |n 1 | ||
| 952 | |0 0 |1 0 |4 0 |6 M5255_M5256 |7 1 |9 42612 |a Arxiu |b Arxiu |d 2016-12-01 |l 0 |o M-5-255, M-5-256 |p 18209, 18210 |r 2016-12-01 00:00:00 |w 2016-12-01 |y ARXIU | ||
| 999 | |c 45117 |d 45117 | ||